| 000 | 00437nam a22001697a 4500 | ||
|---|---|---|---|
| 003 | SGT | ||
| 020 | _a9780199233557 | ||
| 082 |
_a617.8 _bO10P |
||
| 100 | _aPLACK, CHRISTOPHER J. | ||
| 245 | _aTHE OXFORD HB. OF AUDITORY SCIENCE : HEARING VOL.3 | ||
| 250 | _a1ST | ||
| 260 |
_aNEW YORK _bOXFORD UNIVERSITY _c2010 |
||
| 300 | _a426 | ||
| 650 | _aAUDIOLOGY | ||
| 653 | _aTHE OXFORD HB. OF AUDITORY SCIENCE : HEARING | ||
| 942 |
_2ddc _cBK |
||
| 999 |
_c22976 _d22976 |
||